[Event "EOBCC 2020"]
[Site "Online"]
[Date "2020.12.18"]
[Round "7.130"]
[White "Maly, Alexey"]
[Black "Wikar, Martyna"]
[Result "1-0"]
[WhiteElo "2371"]
[BlackElo "2171"]
[Annotator "ChessBase"]
[PlyCount "131"]
[EventDate "2020.12.18"]
[EventType "tourn"]
[EventCountry "NET"]
[SourceTitle "playchess.com"]
[Source "ChessBase"]
[SourceQuality "1"]

1. d4 Nf6 2. c4 g6 3. Nc3 Bg7 4. e4 O-O 5. Be2 d6 6. Nf3 c5 7. d5 e6 8. O-O exd5 9. exd5 Bg4 10. h3 Bxf3 11. Bxf3 Nbd7 12. Bf4 Nb6 13. b3 a6 14. Qd2 Qd7 15. a4 Rae8 16. a5 Nc8 17. Rfe1 Kh8 18. Na4 Nh5 19. Bh6 Bxa1 20. Bxf8 Bg7 21. Bxg7+ Nxg7 22. g4 Kg8 23. Kg2 Qd8 24. b4 Rxe1 25. Qxe1 cxb4 26. Qxb4 Qc7 27. c5 Ne8 28. c6 bxc6 29. dxc6 Ne7 30. Qb6 d5 31. Qxa6 Qxc6 32. Qxc6 Nxc6 33. a6 Nc7 34. Nc5 Kf8 35. Be2 Ke7 36. Kg3 Kd6 37. Nb7+ Kd7 38. Kf4 Na7 39. Ke5 Kc6 40. Kf6 d4 41. Kxf7 Kb6 42. Kg7 Nxa6 43. Bxa6 Kxa6 44. Nc5+ Kb5 45. Ne4 d3 46. Kxh7 Kc4 47. Kxg6 Kd4 48. Nd2 Kc3 49. Nf3 Nc6 50. Kf6 Nd4 51. Ng5 Ne2 52. h4 Kd4 53. h5 Ng1 54. h6 d2 55. h7 d1=Q 56. h8=Q Qxg4 57. Qd8+ Kc3 58. Qc7+ Kd3 59. Qd6+ Qd4+ 60. Ke6 Qxd6+ 61. Kxd6 Ne2 62. Ke5 Kd2 63. Nh3 Kd3 64. Nf4+ Nxf4 65. Kxf4 Kd4 66. Kf5 1-0

[Event "EOBCC 2020"]
[Site "Online"]
[Date "2020.12.18"]
[Round "7.131"]
[White "Fiedorek, Michal"]
[Black "Lukasiewicz, Krzysztof"]
[Result "1-0"]
[WhiteElo "2176"]
[BlackElo "2359"]
[Annotator "ChessBase"]
[PlyCount "99"]
[EventDate "2020.12.18"]
[EventType "tourn"]
[EventCountry "NET"]
[SourceTitle "playchess.com"]
[Source "ChessBase"]
[SourceQuality "1"]

1. e4 c6 2. d4 d5 3. exd5 cxd5 4. Bd3 Nc6 5. c3 Qc7 6. h3 Nf6 7. Nf3 g6 8. O-O Bf5 9. Be2 Bg7 10. Be3 O-O 11. Nbd2 a6 12. Re1 b5 13. Qc1 Rfc8 14. Nb3 b4 15. Nh4 Bd7 16. Nc5 bxc3 17. bxc3 Ne4 18. Bf4 e5 19. Nxe4 dxe4 20. dxe5 Nxe5 21. Qe3 Qxc3 22. Qxe4 Bc6 23. Qe3 Qa5 24. Rac1 Qd5 25. Red1 Qe6 26. Rc5 f6 27. Bxe5 Kh8 28. Bd4 Qxe3 29. Bxe3 Bb7 30. Rdc1 Rxc5 31. Rxc5 Be4 32. Bf3 Bxf3 33. Nxf3 Rb8 34. Rc6 a5 35. Bd4 Kg8 36. Bxf6 Rb1+ 37. Kh2 Rf1 38. Bxg7 Kxg7 39. Ra6 Rxf2 40. Rxa5 h5 41. Kg3 Re2 42. Ra6 Kh6 43. a4 Ra2 44. Nh4 Ra3+ 45. Kh2 Kg5 46. Nxg6 Rd3 47. Ne5 Re3 48. Nf3+ Kf4 49. Rf6+ Ke4 50. Re6+ 1-0

[Event "EOBCC 2020"]
[Site "Online"]
[Date "2020.12.18"]
[Round "7.132"]
[White "Dylag, Emilia"]
[Black "Mamedjarova, Turkan"]
[Result "0-1"]
[WhiteElo "2082"]
[BlackElo "2309"]
[Annotator "ChessBase"]
[PlyCount "70"]
[EventDate "2020.12.18"]
[EventType "tourn"]
[EventCountry "NET"]
[SourceTitle "playchess.com"]
[Source "ChessBase"]
[SourceQuality "1"]

1. d4 d5 2. c4 e6 3. Nc3 Nf6 4. cxd5 exd5 5. Bg5 Be7 6. e3 c6 7. Bd3 Nbd7 8. Qc2 O-O 9. Nf3 Re8 10. O-O Nf8 11. Ne5 Nh5 12. Bxe7 Qxe7 13. Rae1 Ng6 14. f4 Nf6 15. Rf3 Ng4 16. Rg3 Qh4 17. Nxg4 Bxg4 18. f5 Nf8 19. Qf2 Nd7 20. h3 Nf6 21. Be2 h5 22. hxg4 hxg4 23. Qf4 Nh5 24. Qxg4 Qxg3 25. Qxg3 Nxg3 26. Bd3 Re7 27. Kf2 Nh5 28. g4 Nf6 29. Kf3 Rae8 30. g5 Nd7 31. e4 dxe4+ 32. Nxe4 c5 33. f6 Re6 34. fxg7 cxd4 35. Rh1 Ne5+ 0-1

[Event "EOBCC 2020"]
[Site "Online"]
[Date "2020.12.18"]
[Round "7.133"]
[White "Radeva, Viktoria"]
[Black "Hertlein, Irena"]
[Result "1-0"]
[WhiteElo "2274"]
[BlackElo "1893"]
[Annotator "ChessBase"]
[PlyCount "139"]
[EventDate "2020.12.18"]
[EventType "tourn"]
[EventCountry "NET"]
[SourceTitle "playchess.com"]
[Source "ChessBase"]
[SourceQuality "1"]

1. e4 c5 2. Nf3 Nc6 3. d4 cxd4 4. Nxd4 g6 5. c4 Nf6 6. Nc3 d6 7. Be2 Nxd4 8. Qxd4 Bg7 9. Be3 O-O 10. Qd2 a5 11. O-O Be6 12. b3 a4 13. Rac1 axb3 14. axb3 Qa5 15. f3 Rfc8 16. Na4 Qxd2 17. Bxd2 Rc6 18. Bc3 Nd7 19. Bxg7 Kxg7 20. Ra1 Rca6 21. Rab1 Nc5 22. Nxc5 dxc5 23. b4 Ra2 24. Rfe1 cxb4 25. Rxb4 Rc8 26. Rxb7 Bxc4 27. Bxc4 Rxc4 28. Kh1 Rcc2 29. Rg1 Kf6 30. h4 h5 31. Kh2 Rd2 32. Kh3 Rdc2 33. g4 Rh2+ 34. Kg3 hxg4 35. fxg4 Rhc2 36. Rf1+ Kg7 37. Rxe7 Ra3+ 38. Kf4 Rh2 39. Kg5 Ra5+ 40. e5 Kg8 41. Rfxf7 Rxe5+ 42. Rxe5 Kxf7 43. Ra5 Kf8 44. Ra7 Rh1 45. Kxg6 Rxh4 46. g5 Rg4 47. Ra8+ Ke7 48. Kh6 Kf7 49. Ra7+ Kg8 50. Kg6 Kf8 51. Rb7 Rg1 52. Rf7+ Kg8 53. Rc7 Kf8 54. Rc4 Rg2 55. Kf6 Ke8 56. g6 Rf2+ 57. Kg7 Rg2 58. Rc8+ Ke7 59. Ra8 Rg1 60. Ra5 Rg2 61. Re5+ Kd6 62. Re3 Kd7 63. Kh7 Rh2+ 64. Kg8 Rg2 65. g7 Kd8 66. Re5 Rg1 67. Kh7 Rh1+ 68. Kg6 Rg1+ 69. Rg5 Rxg5+ 70. Kxg5 1-0

[Event "EOBCC 2020"]
[Site "Online"]
[Date "2020.12.18"]
[Round "7.134"]
[White "Malicka, Maria"]
[Black "Klim, Filip"]
[Result "1-0"]
[WhiteElo "2291"]
[BlackElo "1897"]
[Annotator "ChessBase"]
[PlyCount "121"]
[EventDate "2020.12.18"]
[EventType "tourn"]
[EventCountry "NET"]
[SourceTitle "playchess.com"]
[Source "ChessBase"]
[SourceQuality "1"]

1. e4 e5 2. Nf3 Nc6 3. Bb5 a6 4. Ba4 Nf6 5. O-O b5 6. Bb3 Bc5 7. c3 d6 8. d4 Bb6 9. Be3 O-O 10. Nbd2 Bg4 11. h3 Bh5 12. Bg5 h6 13. Bxf6 gxf6 14. Bd5 Qd7 15. g4 Bg6 16. Nh4 Kh7 17. Qf3 exd4 18. Qxf6 Rae8 19. Kg2 Ne7 20. cxd4 Nxd5 21. exd5 Qe7 22. Qxe7 Rxe7 23. Nxg6 fxg6 24. Rae1 Rfe8 25. Rxe7+ Rxe7 26. Nf3 Re4 27. Rc1 Re2 28. Rb1 Kg7 29. a3 Kf6 30. Kf1 Re4 31. Rc1 Bxd4 32. Nxd4 Rxd4 33. Rxc7 Rxd5 34. Ra7 Rd2 35. Rxa6 Rxb2 36. Rxd6+ Kg5 37. Kg2 Ra2 38. Rb6 Rxa3 39. Rxb5+ Kf6 40. f3 Ra2+ 41. Kg3 g5 42. Rb6+ Kg7 43. h4 Ra3 44. h5 Rc3 45. Rg6+ Kh7 46. Kf2 Ra3 47. Re6 Rb3 48. Rd6 Kg7 49. Rd4 Ra3 50. Rc4 Kf6 51. Ke2 Rb3 52. Rc7 Ra3 53. Rh7 Ra2+ 54. Kd3 Ra3+ 55. Ke2 Ra2+ 56. Kf1 Ra1+ 57. Kf2 Ra2+ 58. Kg3 Ke5 59. Rxh6 Ra5 60. Rg6 Kd4 61. h6 1-0

[Event "EOBCC 2020"]
[Site "Online"]
[Date "2020.12.18"]
[Round "7.135"]
[White "Wolagiewicz, Kinga"]
[Black "Silich, Yahor"]
[Result "0-1"]
[WhiteElo "1791"]
[BlackElo "2330"]
[Annotator "ChessBase"]
[PlyCount "54"]
[EventDate "2020.12.18"]
[EventType "tourn"]
[EventCountry "NET"]
[SourceTitle "playchess.com"]
[Source "ChessBase"]
[SourceQuality "1"]

1. e4 e5 2. Nf3 Nc6 3. Bb5 Bc5 4. Qe2 Nf6 5. c3 a6 6. Ba4 O-O 7. O-O d6 8. d3 b5 9. Bb3 h6 10. h3 Be6 11. Bc2 Re8 12. Re1 Bb6 13. Nbd2 Ne7 14. Nf1 Ng6 15. N3h2 c6 16. a4 d5 17. exd5 cxd5 18. axb5 axb5 19. Rxa8 Qxa8 20. Be3 d4 21. Bd2 Bd5 22. Nf3 Nf4 23. Qd1 Nxh3+ 24. gxh3 Bxf3 25. Qa1 Qc8 26. Bb3 Qxh3 27. Ng3 Qg2# 0-1

[Event "EOBCC 2020"]
[Site "Online"]
[Date "2020.12.18"]
[Round "8.1"]
[White "Demidov, Mikhail"]
[Black "Bluebaum, Matthias"]
[Result "1/2-1/2"]
[WhiteElo "2526"]
[BlackElo "2672"]
[Annotator "TA"]
[PlyCount "31"]
[EventDate "2020.12.18"]
[EventType "tourn"]
[EventCountry "NET"]
[SourceTitle "playchess.com"]
[Source "ChessBase"]
[SourceQuality "1"]

1. d4 d5 2. Nf3 Nf6 3. Bf4 c5 4. dxc5 e6 5. e3 Bxc5 6. Be2 O-O 7. O-O Nc6 8. c4 Qe7 9. Nc3 Rd8 10. cxd5 exd5 11. Nb5 Bg4 12. Nbd4 Nxd4 13. exd4 Bd6 14. Bxd6 Qxd6 15. Ne5 Bxe2 16. Qxe2 1/2-1/2

[Event "EOBCC 2020"]
[Site "Online"]
[Date "2020.12.18"]
[Round "8.3"]
[White "Suleymanli, Aydin"]
[Black "Wojtaszek, Radoslaw"]
[Result "0-1"]
[WhiteElo "2512"]
[BlackElo "2705"]
[Annotator "TA"]
[PlyCount "144"]
[EventDate "2020.12.18"]
[EventType "tourn"]
[EventCountry "NET"]
[SourceTitle "playchess.com"]
[Source "ChessBase"]
[SourceQuality "1"]

1. d4 Nf6 2. c4 e6 3. Nc3 Bb4 4. e3 O-O 5. Nge2 Re8 6. a3 Bf8 7. Ng3 d5 8. Qc2 b6 9. cxd5 exd5 10. Bb5 c6 11. Ba4 Ba6 12. Nce2 Bb7 13. O-O Nbd7 14. Bd2 Rc8 15. Rac1 c5 16. Qf5 g6 17. Qh3 Bc6 18. Bxc6 Rxc6 19. f3 Qc7 20. Nf4 cxd4 21. exd4 Rc4 22. Nd3 Qc6 23. Qh4 Bg7 24. Rce1 Qc8 25. Rxe8+ Nxe8 26. Bc3 Bf6 27. Qf4 Ng7 28. Ne2 Ne6 29. Qe3 a5 30. Ndf4 Qc6 31. Nxe6 Qxe6 32. Qd3 Nf8 33. Re1 Qd6 34. b3 Rc8 35. b4 a4 36. b5 Ne6 37. Bb4 Qd7 38. Kh1 Rc4 39. Nc3 Rxd4 40. Qb1 Rc4 41. Nxa4 Qxb5 42. Nb2 Rh4 43. Nd3 Qc4 44. Rc1 Qa6 45. Be1 Ra4 46. Nb4 Qb7 47. Qb3 Ra5 48. Rd1 d4 49. Qd3 Rc5 50. h4 Kg7 51. Qe4 Qxe4 52. fxe4 Re5 53. Nd5 Rxe4 54. Nxb6 Bxh4 55. Bxh4 Rxh4+ 56. Kg1 Re4 57. a4 Re2 58. a5 Ra2 59. Nc4 h5 60. Rf1 h4 61. Kh1 g5 62. Kg1 f6 63. Re1 Nf4 64. Re7+ Kg6 65. Re8 Rxg2+ 66. Kh1 Ra2 67. Ra8 h3 68. a6 Nh5 69. Rg8+ Kf5 70. Nd6+ Kg4 71. Ne4 Ng3+ 72. Nxg3 Kxg3 0-1

[Event "EOBCC 2020"]
[Site "Online"]
[Date "2020.12.18"]
[Round "8.4"]
[White "Yilmaz, Mustafa"]
[Black "Onischuk, Vladimir"]
[Result "1/2-1/2"]
[WhiteElo "2630"]
[BlackElo "2633"]
[Annotator "ChessBase"]
[PlyCount "100"]
[EventDate "2020.12.18"]
[EventType "tourn"]
[EventCountry "NET"]
[SourceTitle "playchess.com"]
[Source "ChessBase"]
[SourceQuality "1"]

1. d4 d6 2. Nf3 g6 3. c4 Bg7 4. Nc3 e5 5. e4 exd4 6. Nxd4 Nc6 7. Be3 Nge7 8. Be2 O-O 9. O-O f5 10. Nxc6 bxc6 11. Qd2 c5 12. Rad1 Bb7 13. Bd3 Qd7 14. Bh6 Bxh6 15. Qxh6 Rae8 16. Rfe1 fxe4 17. Bxe4 Nf5 18. Bxf5 Qxf5 19. f3 Qf6 20. Qd2 Bc6 21. b3 Kg7 22. Ne2 Re5 23. Ng3 Rfe8 24. Rxe5 Rxe5 25. Re1 h5 26. Rxe5 Qxe5 27. Ne2 g5 28. h3 Kf6 29. Kf2 Kg6 30. Qa5 Qe7 31. Qa6 Be8 32. Qxa7 g4 33. hxg4 hxg4 34. Nf4+ Kf5 35. Nd5 Qe5 36. fxg4+ Kxg4 37. Qxc7 Qd4+ 38. Ke2 Qb2+ 39. Kf1 Qc1+ 40. Ke2 Qc2+ 41. Ke3 Qc1+ 42. Ke2 Qc2+ 43. Kf1 Qc1+ 44. Kf2 Qd2+ 45. Kg1 Qc1+ 46. Kh2 Qh6+ 47. Kg1 Qc1+ 48. Kf2 Qd2+ 49. Kf1 Qd1+ 50. Kf2 Qd2+ 1/2-1/2

[Event "EOBCC 2020"]
[Site "Online"]
[Date "2020.12.18"]
[Round "8.5"]
[White "Petrosyan, Manuel"]
[Black "Indjic, Aleksandar"]
[Result "1/2-1/2"]
[WhiteElo "2628"]
[BlackElo "2604"]
[Annotator "ChessBase"]
[PlyCount "150"]
[EventDate "2020.12.18"]
[EventType "tourn"]
[EventCountry "NET"]
[SourceTitle "playchess.com"]
[Source "ChessBase"]
[SourceQuality "1"]

1. d4 g6 2. e4 Nf6 3. Nc3 d5 4. e5 Ne4 5. Nxe4 dxe4 6. Ne2 c5 7. Be3 cxd4 8. Qxd4 Qxd4 9. Bxd4 Nc6 10. Bc3 Bg7 11. Ng3 Bxe5 12. Bxe5 Nxe5 13. Nxe4 Bf5 14. Bd3 Nxd3+ 15. cxd3 O-O-O 16. Ke2 Kb8 17. f3 f6 18. Rac1 Rd5 19. Rc2 Rhd8 20. Rc3 b6 21. Rhc1 Bc8 22. a3 Ba6 23. Nf2 h5 24. Kd2 h4 25. h3 R8d7 26. Re1 Rg5 27. Ng4 Rgd5 28. Nf2 Bb5 29. Re2 a5 30. Kc2 Kb7 31. Kd2 Ba6 32. Re4 g5 33. Re3 Rd4 34. Re4 R4d5 35. Re6 Bb5 36. Kc2 Rd4 37. Kd2 R4d6 38. Rxd6 Rxd6 39. Ne4 Rd5 40. Ke3 Bc6 41. Rb3 Kc7 42. Rc3 Rb5 43. Rc2 Kd7 44. Kd2 Rd5 45. Ke3 Bb5 46. Rd2 Ba6 47. Nc3 Rd6 48. Ne4 Rc6 49. Nc3 b5 50. Ne4 b4 51. axb4 axb4 52. Ke2 Bb5 53. Nf2 f5 54. Nd1 e5 55. Ne3 Ke6 56. Rc2 Rd6 57. Nc4 Ra6 58. Rc1 Ra2 59. Rb1 Bxc4 60. dxc4 Kd6 61. Kd3 Kc5 62. Re1 Rxb2 63. Rxe5+ Kc6 64. Rxf5 Rxg2 65. Rb5 Rg3 66. Ke4 b3 67. Rxb3 Rxh3 68. Rb8 Rg3 69. Rh8 h3 70. Ke3 g4 71. Kf4 Rxf3+ 72. Kxg4 Rc3 73. Rxh3 Rxh3 74. Kxh3 Kc5 75. Kg4 Kxc4 1/2-1/2

[Event "EOBCC 2020"]
[Site "Online"]
[Date "2020.12.18"]
[Round "8.6"]
[White "Navara, David"]
[Black "Pantsulaia, Levan"]
[Result "1/2-1/2"]
[WhiteElo "2697"]
[BlackElo "2553"]
[Annotator "TA"]
[PlyCount "38"]
[EventDate "2020.12.18"]
[EventType "tourn"]
[EventCountry "NET"]
[SourceTitle "playchess.com"]
[Source "ChessBase"]
[SourceQuality "1"]

1. d4 Nf6 2. c4 c5 3. d5 g6 4. Nc3 Bg7 5. e4 d6 6. h3 O-O 7. Nf3 e6 8. Bd3 exd5 9. cxd5 Re8 10. O-O Nbd7 11. Bf4 c4 12. Bc2 Nc5 13. Re1 b5 14. e5 dxe5 15. Nxe5 Bb7 16. Nc6 Qd7 17. Ne5 Qd8 18. Nc6 Qd7 19. Ne5 Qd8 1/2-1/2

[Event "EOBCC 2020"]
[Site "Online"]
[Date "2020.12.18"]
[Round "8.8"]
[White "Sarana, Alexey"]
[Black "Barp, Alberto"]
[Result "1-0"]
[WhiteElo "2636"]
[BlackElo "2366"]
[Annotator "ChessBase"]
[PlyCount "65"]
[EventDate "2020.12.18"]
[EventType "tourn"]
[EventCountry "NET"]
[SourceTitle "playchess.com"]
[Source "ChessBase"]
[SourceQuality "1"]

1. d4 d5 2. c4 e6 3. Nf3 Nf6 4. Nc3 c5 5. cxd5 Nxd5 6. g3 Nxc3 7. bxc3 cxd4 8. cxd4 Bb4+ 9. Bd2 Bxd2+ 10. Qxd2 b6 11. Bg2 Bb7 12. O-O O-O 13. a4 Nd7 14. a5 Qe7 15. Rfb1 Be4 16. Rb2 Rfc8 17. h4 h6 18. Qf4 Nf6 19. axb6 axb6 20. Rxa8 Rxa8 21. Rxb6 Nd5 22. Rb8+ Rxb8 23. Qxb8+ Kh7 24. Ng5+ hxg5 25. Bxe4+ f5 26. Bxd5 exd5 27. Qe5 Qxe5 28. dxe5 gxh4 29. gxh4 f4 30. h5 Kg8 31. Kg2 Kf7 32. Kf3 Ke6 33. Kxf4 1-0

[Event "EOBCC 2020"]
[Site "Online"]
[Date "2020.12.18"]
[Round "8.9"]
[White "Theodorou, Nikolas"]
[Black "Meier, Georg"]
[Result "0-1"]
[WhiteElo "2554"]
[BlackElo "2628"]
[Annotator "ChessBase"]
[PlyCount "100"]
[EventDate "2020.12.18"]
[EventType "tourn"]
[EventCountry "NET"]
[SourceTitle "playchess.com"]
[Source "ChessBase"]
[SourceQuality "1"]

1. d4 e6 2. c4 b6 3. a3 Nf6 4. Nc3 Bb7 5. Bf4 d5 6. Nf3 Bd6 7. Bg3 O-O 8. e3 Bxg3 9. hxg3 Nbd7 10. Qc2 h6 11. cxd5 Nxd5 12. g4 Nxc3 13. bxc3 Bxf3 14. gxf3 c5 15. f4 cxd4 16. cxd4 Rc8 17. Qd3 Nf6 18. g5 hxg5 19. fxg5 Qd5 20. Rg1 Ne4 21. Bg2 Qa5+ 22. Kf1 Nxg5 23. Rh1 Qc3 24. Qd1 g6 25. Kg1 Kg7 26. a4 Nh7 27. Rb1 Nf6 28. Qf3 Rh8 29. Rxh8 Rxh8 30. Qb7 Qc2 31. Ra1 Qb2 32. Rf1 a5 33. Bf3 Qb4 34. Qc6 Nh7 35. Rc1 Nf6 36. Kg2 g5 37. Qc2 g4 38. Be2 Rh5 39. Rh1 Rxh1 40. Kxh1 Qd6 41. Kg1 e5 42. dxe5 Qxe5 43. Qb3 g3 44. Qxb6 Ne4 45. f4 Qc3 46. Qd4+ Qxd4 47. exd4 Nc3 48. Bd3 Nxa4 49. Kg2 Nb6 50. Kxg3 a4 0-1

[Event "EOBCC 2020"]
[Site "Online"]
[Date "2020.12.18"]
[Round "8.10"]
[White "Smirnov, Pavel"]
[Black "Deac, Bogdan-Daniel"]
[Result "0-1"]
[WhiteElo "2544"]
[BlackElo "2625"]
[Annotator "ChessBase"]
[PlyCount "88"]
[EventDate "2020.12.18"]
[EventType "tourn"]
[EventCountry "NET"]
[SourceTitle "playchess.com"]
[Source "ChessBase"]
[SourceQuality "1"]

1. d4 Nf6 2. c4 e6 3. Nc3 d5 4. Nf3 dxc4 5. e3 a6 6. Bxc4 b5 7. Bb3 Bb7 8. O-O c5 9. e4 cxd4 10. Nxd4 Nbd7 11. Re1 Bc5 12. e5 Qb6 13. exf6 Bxd4 14. Nd5 Bxd5 15. Bxd5 Bxf2+ 16. Kh1 O-O-O 17. fxg7 Rhg8 18. Rf1 exd5 19. Qc2+ Kb7 20. Rxf2 Rxg7 21. Bf4 Nf6 22. Be3 d4 23. Raf1 Rd6 24. Bh6 Rg6 25. Bf8 d3 26. Qb3 Re6 27. Qxd3 Qc6 28. Qh3 h5 29. Bb4 Qe4 30. Bc3 Ng4 31. Rxf7+ Kb6 32. Qf3 Qc2 33. Qb7+ Kc5 34. Rc7+ Rc6 35. Rxc6+ Rxc6 36. b4+ Kd5 37. Qd7+ Rd6 38. Rf5+ Ke4 39. Rf4+ Kxf4 40. Qxd6+ Ke3 41. Qd4+ Ke2 42. g3 Qb1+ 43. Qg1 Nf2+ 44. Kg2 Qe4# 0-1

[Event "EOBCC 2020"]
[Site "Online"]
[Date "2020.12.18"]
[Round "8.11"]
[White "Karpus, Michal"]
[Black "Wagner, Dennis"]
[Result "0-1"]
[WhiteElo "2311"]
[BlackElo "2581"]
[Annotator "ChessBase"]
[PlyCount "104"]
[EventDate "2020.12.18"]
[EventType "tourn"]
[EventCountry "NET"]
[SourceTitle "playchess.com"]
[Source "ChessBase"]
[SourceQuality "1"]

1. e4 e5 2. Nf3 Nc6 3. Bb5 a6 4. Ba4 Nf6 5. O-O Nxe4 6. d4 b5 7. Bb3 d5 8. dxe5 Be6 9. Be3 Be7 10. c3 O-O 11. Nbd2 Bg4 12. h3 Nxd2 13. hxg4 Nxf1 14. Kxf1 Na5 15. Bxd5 c6 16. Be4 Qxd1+ 17. Rxd1 Nc4 18. Bc1 Rfd8 19. Re1 Rac8 20. b3 Nb6 21. Nd4 Nd5 22. Nf5 Bf8 23. Bg5 Re8 24. Nd6 Rxe5 25. Nxc8 Rxg5 26. Bxd5 Rxd5 27. Ne7+ Bxe7 28. Rxe7 h6 29. Ra7 Rc5 30. Rxa6 Rxc3 31. Ra8+ Kh7 32. Ke1 Rc2 33. a4 Rb2 34. axb5 cxb5 35. Ra6 f6 36. f4 Rxg2 37. Rb6 Rxg4 38. Rxb5 Rxf4 39. Rc5 Rb4 40. Rc3 h5 41. Ke2 h4 42. Kf3 g5 43. Kg2 Kg6 44. Rd3 g4 45. Rc3 Kg5 46. Rd3 f5 47. Rc3 h3+ 48. Kh2 Rd4 49. Rc5 Rd2+ 50. Kh1 g3 51. Rxf5+ Kxf5 52. b4 Rd1# 0-1

[Event "EOBCC 2020"]
[Site "Online"]
[Date "2020.12.18"]
[Round "8.12"]
[White "Van Foreest, Jorden"]
[Black "Grigoriants, Sergey"]
[Result "0-1"]
[WhiteElo "2671"]
[BlackElo "2546"]
[Annotator "ChessBase"]
[PlyCount "78"]
[EventDate "2020.12.18"]
[EventType "tourn"]
[EventCountry "NET"]
[SourceTitle "playchess.com"]
[Source "ChessBase"]
[SourceQuality "1"]

1. Nf3 d5 2. g3 c6 3. Bg2 Bg4 4. O-O e6 5. h3 Bh5 6. d4 Nd7 7. c4 Ngf6 8. Nc3 Bd6 9. Nd2 O-O 10. Qb3 Qb6 11. e4 Qxd4 12. Qxb7 dxc4 13. Qxc6 Rac8 14. Nb5 Rxc6 15. Nxd4 Rcc8 16. Nb5 Bc5 17. g4 Bg6 18. g5 Nh5 19. Nxc4 Ng3 20. Re1 Bb4 21. Nd2 Nh5 22. a3 Rxc1 23. Rexc1 Bxd2 24. Rd1 Nc5 25. Rxd2 Nb3 26. Rad1 Nxd2 27. Rxd2 a5 28. b4 axb4 29. axb4 Nf4 30. Nd6 Rb8 31. b5 Kf8 32. e5 Nd3 33. Re2 Ke7 34. f4 Nxf4 35. Ra2 Nd3 36. Ra7+ Kf8 37. b6 Nxe5 38. Rc7 Rxb6 39. Bc6 Rxc6 0-1

[Event "EOBCC 2020"]
[Site "Online"]
[Date "2020.12.18"]
[Round "8.13"]
[White "Jones, Gawain C B"]
[Black "Sadzikowski, Daniel"]
[Result "1-0"]
[WhiteElo "2670"]
[BlackElo "2528"]
[Annotator "ChessBase"]
[PlyCount "57"]
[EventDate "2020.12.18"]
[EventType "tourn"]
[EventCountry "NET"]
[SourceTitle "playchess.com"]
[Source "ChessBase"]
[SourceQuality "1"]

1. Nf3 d5 2. b3 Bg4 3. Bb2 Bxf3 4. exf3 e6 5. g3 Nf6 6. Bg2 Be7 7. O-O O-O 8. d4 c5 9. dxc5 Na6 10. Nd2 Nxc5 11. Qe2 Rc8 12. Rfd1 Qc7 13. c4 Rfd8 14. Be5 Qb6 15. f4 Qa6 16. Qf1 Qa3 17. cxd5 exd5 18. Nf3 Nfe4 19. Bd4 Ne6 20. Be5 Bc5 21. Nd4 Nxd4 22. Bxd4 Bxd4 23. Rxd4 Nc3 24. Qd3 Qb2 25. Re1 Re8 26. Rxe8+ Rxe8 27. Bf1 h6 28. Qd2 Qc2 29. Qxc2 1-0

[Event "EOBCC 2020"]
[Site "Online"]
[Date "2020.12.18"]
[Round "8.14"]
[White "Steinberg, Nitzan"]
[Black "Cheparinov, Ivan"]
[Result "0-1"]
[WhiteElo "2553"]
[BlackElo "2688"]
[Annotator "ChessBase"]
[PlyCount "72"]
[EventDate "2020.12.18"]
[EventType "tourn"]
[EventCountry "NET"]
[SourceTitle "playchess.com"]
[Source "ChessBase"]
[SourceQuality "1"]

1. e4 c5 2. Nf3 Nc6 3. d4 cxd4 4. Nxd4 e5 5. Nb5 d6 6. c4 Be6 7. N1c3 a6 8. Na3 g6 9. Be2 Bg7 10. Nc2 Rc8 11. b3 Nf6 12. O-O O-O 13. Be3 b5 14. cxb5 axb5 15. Bxb5 Ne7 16. Na4 Qa5 17. Bd3 d5 18. exd5 Nexd5 19. Bd2 Qa7 20. Ne3 Nf4 21. Bc4 Rfd8 22. Qc2 Qb7 23. f3 e4 24. Rae1 Nd3 25. Re2 exf3 26. Rxf3 Ne5 27. Rf1 Nxc4 28. bxc4 Ne4 29. Bc1 Qc6 30. Bb2 Bh6 31. Nc3 Rd2 32. Qb3 Nc5 33. Qb5 Qxb5 34. cxb5 Rxe2 35. Nxe2 Bxe3+ 36. Kh1 Nd3 0-1

[Event "EOBCC 2020"]
[Site "Online"]
[Date "2020.12.18"]
[Round "8.15"]
[White "Movsesian, Sergei"]
[Black "Gumularz, Szymon"]
[Result "0-1"]
[WhiteElo "2647"]
[BlackElo "2516"]
[Annotator "ChessBase"]
[PlyCount "42"]
[EventDate "2020.12.18"]
[EventType "tourn"]
[EventCountry "NET"]
[SourceTitle "playchess.com"]
[Source "ChessBase"]
[SourceQuality "1"]

1. e4 e5 2. Nf3 Nc6 3. Bc4 Bc5 4. d3 Nf6 5. Nc3 h6 6. a3 a6 7. Be3 Bxe3 8. fxe3 d6 9. O-O O-O 10. Qe1 Be6 11. Bxe6 fxe6 12. Qg3 Qd7 13. Rf2 Rf7 14. Raf1 Raf8 15. Qh3 Nh7 16. Ne2 Ne7 17. d4 exd4 18. exd4 Ng6 19. Qg4 Nf4 20. Ng3 g5 21. h4 Nf6 0-1

[Event "EOBCC 2020"]
[Site "Online"]
[Date "2020.12.18"]
[Round "8.16"]
[White "Ponkratov, Pavel"]
[Black "Jovanovic, Zoran"]
[Result "1-0"]
[WhiteElo "2625"]
[BlackElo "2517"]
[Annotator "ChessBase"]
[PlyCount "77"]
[EventDate "2020.12.18"]
[EventType "tourn"]
[EventCountry "NET"]
[SourceTitle "playchess.com"]
[Source "ChessBase"]
[SourceQuality "1"]

1. d4 d6 2. e4 Nf6 3. f3 e5 4. d5 Be7 5. c4 Nfd7 6. Nc3 Bg5 7. Bd3 a5 8. Bc2 Na6 9. Nge2 O-O 10. g3 Bxc1 11. Qxc1 Ndc5 12. Qe3 Nb4 13. O-O-O f5 14. Bb1 a4 15. exf5 a3 16. g4 axb2+ 17. Kxb2 Bd7 18. f4 Qb8 19. Kc1 Qa7 20. Kd2 Rae8 21. Ke1 exf4 22. Qxf4 Re5 23. Kf1 Rfe8 24. Qd4 Qa3 25. Rg1 Na4 26. Rg2 Nxc3 27. Qxc3 Qa4 28. Rd2 Re3 29. Qd4 Qa3 30. Rf2 Rf3 31. Kg2 Ree3 32. Nf4 Na6 33. Nh5 Rxf2+ 34. Rxf2 Re5 35. f6 g6 36. f7+ Kf8 37. Qf4 Qe3 38. Qf6 Bf5 39. Qg7+ 1-0

[Event "EOBCC 2020"]
[Site "Online"]
[Date "2020.12.18"]
[Round "8.17"]
[White "Martirosyan, Haik M."]
[Black "Khanin, Semen"]
[Result "0-1"]
[WhiteElo "2622"]
[BlackElo "2511"]
[Annotator "ChessBase"]
[PlyCount "94"]
[EventDate "2020.12.18"]
[EventType "tourn"]
[EventCountry "NET"]
[SourceTitle "playchess.com"]
[Source "ChessBase"]
[SourceQuality "1"]

1. d4 Nf6 2. Nf3 e6 3. c4 Bb4+ 4. Bd2 Bxd2+ 5. Qxd2 O-O 6. Nc3 d5 7. e3 Qe7 8. Be2 dxc4 9. O-O Nbd7 10. Bxc4 c5 11. Rac1 b6 12. e4 Bb7 13. d5 exd5 14. exd5 a6 15. d6 Qd8 16. Nd5 b5 17. Ne7+ Kh8 18. Be2 Qb6 19. Rcd1 Rad8 20. Qf4 c4 21. Nd4 Nc5 22. Ndf5 Ne6 23. Qh4 Be4 24. Rfe1 Qc5 25. Bg4 Bd3 26. Bh3 b4 27. Re3 Bc2 28. Rc1 b3 29. axb3 cxb3 30. Rxb3 Qe5 31. Rc3 Bxf5 32. Nxf5 Nf4 33. Re3 Nxh3+ 34. Qxh3 Qxb2 35. Rd1 a5 36. Qg3 g6 37. Ne7 a4 38. Red3 Rd7 39. Nc6 Kg7 40. Ne5 Ra7 41. d7 a3 42. Nc4 Qc2 43. Ne3 Qxd3 44. Rxd3 a2 45. Nc2 a1=Q+ 46. Nxa1 Rxa1+ 47. Rd1 Rxd1# 0-1